000 00657nam a22001937a 4500
003 UA-OsUOA
001 43577
007 ta
008 20090917b un ||||| |||| 00| 0 ukr d
090 _a050
_bВ55
942 _cMG
040 _aUA-OsUOA
_bukr
_cUA-OsUOA
_dUA-OsUOA
245 _aВісник Світового Конгресу Вільних Українців
_bГрудень 1991, Ч.1(19)
955 _a4
041 _aukr
080 _a050
650 7 _a050 Серійні публікації. Періодика галузі, Організація та інші типи поєднання (співробітництва)
_2UDC
999 _c442052
_d442052